00364nam a2200121Ia 4500003000400000008004100004040001600045082001500061100002200076245008100098260002900179650003400208GCL140319s9999 xx 000 0 eng d aGCL / cGCL04a780.7bW T1 aWALKER, DARWIN E.10aTeaching music: Managing the successful Music Program. / cWALKER, DARWIN E. a[S.N] : bSCHIRMER BOOKS04aMUSIC - INSTRUCTION AND STUDY